00460 2200181 4500001002100000005001700021006001900038008004100057020001800098035002500116041000700141082001000148090001600158100001300174245003400187260004200221650001500263INLIS00000000000410920140314123941.0a ||| | 180719| ||| | id  a979-22-2124-7 a0010-031300000004109 aid0 a641.5 a641.5 IND c0 aIndriani00aCream Soup : favorit ala cafe aJakartabGramedia pustaka utamac2006 0aCream Soup